Chinese cooking

Bibliographic Details
Main Author: Bellefontaine, Jacqueline
Format: Book
Published: Leicester : Magna Books , 1993
Subjects:

MARC

LEADER 00000cam a2200000 7i4500
001 0000005368
002 000005799
005 20000330.0
020 |a 1854224867 
090 0 0 |a 641.5951   |b BEL 
100 1 |a Bellefontaine, Jacqueline 
245 0 0 |a Chinese cooking   |c JJacqueline Bellefontaine 
260 |a Leicester :   |b Magna Books ,   |c 1993 
300 |a 58 :   |b illust ;   |c 28cm. 
650 0 0 |a Cookery, Chinese 
999 |a 032716   |b BUKU   |c PINJAMAN   |e PERPUSTAKAAN KOMUNITI PETALING JAYA